00254nam a2200085Ia 4500008004000000082001200040100002200052245004000074260005400114210210b2000 xxu||||| |||| 00| 0 eng d a310/202 aSUKHANANDAN, L J. aMedical social work in rural areas. aBombaybBureau of Research and Publicationsc2000